Srimatsatyaparakramatirtha- Vaibhava (Record no. 12542)
[ view plain ]
| 000 -LEADER | |
|---|---|
| fixed length control field | 00306nam a2200121Ia 4500 |
| 008 - FIXED-LENGTH DATA ELEMENTS--GENERAL INFORMATION | |
| fixed length control field | 211105s9999 xx 000 0 und d |
| 020 ## - INTERNATIONAL STANDARD BOOK NUMBER | |
| International Standard Book Number | VYASA12484 |
| 100 ## - MAIN ENTRY--PERSONAL NAME | |
| Personal name | Menon Krishna M. K. |
| 245 #0 - TITLE STATEMENT | |
| Title | Srimatsatyaparakramatirtha- Vaibhava |
| 250 ## - EDITION STATEMENT | |
| Edition statement | 2nd |
| 260 ## - PUBLICATION, DISTRIBUTION, ETC. | |
| Name of publisher, distributor, etc. | Gurukrupa Prakashana |
| Date of publication, distribution, etc. | \N |
| 300 ## - PHYSICAL DESCRIPTION | |
| Extent | 99p. |
| Withdrawn status | Lost status | Damaged status | Not for loan | Home library | Current library | Date acquired | Cost, normal purchase price | Total Checkouts | Barcode | Date last seen | Price effective from | Koha item type |
|---|---|---|---|---|---|---|---|---|---|---|---|---|
| SVYASA | SVYASA | 03/15/2016 | 30.00 | 18088 | 11/09/2021 | 11/09/2021 | Books |